000 00632nam a2200241 a 4500
001 nice12345678
003 IN_TiNIC
005 20260116014917.0
008 050524s1992 lona grp 000 0 eng
020 _a000309X
_c361.8
082 0 0 _a303.69
_bFON
100 _aFontana, David
245 _aMediator`s Handbook
_b Complete Guide to Eastern and Western Techniques
260 _aLondon
_bCollins Religious Pub.
_c1992
300 _a244p
500 _aincludes index and biblioraphy
505 2 _aIndex
650 _aMediation
700 1 _aFontana, David
902 _bSRC
942 _cBK
999 _c17506
_d17506